Anagrammeja - Maailman valtiot - Statistics

Yleistilastot
  • Tätä visaa on pelattu 1 151 kertaa
    740 viimeisimmän päivityksen jälkeen
  • Keskiarvotulos 13 / 20
Vastaustilastot
Valtio % Oikein
Peru
98%
Kiina
95%
Tonga
95%
Fidži
94%
Togo
94%
Iran
93%
Tšad
93%
Oman
91%
Qatar
91%
Saksa
91%
Syyria
91%
Venäjä
91%
Filippiinit
90%
Laos
90%
Libya
89%
Luxemburg
89%
Malta
89%
Chile
88%
Egypti
88%
Haiti
88%
Irak
88%
Mali
87%
Uruguay
87%
Viro
87%
Zimbabwe
87%
Kanada
86%
Myanmar
86%
Puola
86%
Venezuela
86%
Intia
85%
Jemen
85%
Montenegro
85%
Kambodža
84%
Uganda
84%
Bahama
83%
Kypros
83%
Malawi
83%
Suomi
83%
Kosovo
82%
Benin
81%
Japani
81%
Kuuba
81%
Monaco
81%
Norja
80%
Panama
79%
Tanska
79%
Itä-Timor
78%
Kazakstan
78%
Azerbaidžan
77%
Bolivia
77%
Moldova
77%
Nauru
77%
Valko-Venäjä
77%
Albania
76%
Belize
76%
Djibouti
76%
Ghana
76%
Kenia
76%
Latvia
76%
Liechtenstein
76%
Samoa
76%
Sudan
76%
Tadžikistan
76%
Tšekki
76%
Turkki
76%
Norsunluurannikko
75%
Vanuatu
75%
Afganistan
74%
Itävalta
74%
Paraguay
74%
Tuvalu
74%
Bhutan
73%
Italia
73%
Marokko
73%
Niger
73%
Palau
73%
Ranska
73%
Georgia
72%
Nepal
72%
Taiwan
72%
Papua-Uusi-Guinea
71%
Angola
70%
Kreikka
70%
Sambia
70%
Sveitsi
69%
Swazimaa
69%
Bangladesh
68%
Gabon
68%
Madagaskar
68%
Senegal
68%
Belgia
67%
Etelä-Korea
67%
Kiribati
67%
Kuwait
66%
Brunei
65%
Bulgaria
65%
Eritrea
65%
Kirgisia
65%
Lesotho
65%
Serbia
65%
Thaimaa
65%
Gambia
64%
Guyana
64%
Mongolia
64%
Mosambik
64%
Jamaika
63%
Burundi
61%
Romania
61%
Seychellit
61%
Vietnam
61%
Etelä-Afrikka
60%
Guinea
60%
Namibia
60%
Nigeria
60%
Ruanda
60%
Ruotsi
60%
Uzbekistan
60%
Slovakia
59%
Bahrain
58%
Tansania
58%
Andorra
57%
Liettua
57%
Yhdysvallat
57%
Botswana
56%
Etiopia
56%
Libanon
56%
Algeria
55%
Portugali
55%
Ukraina
55%
Liberia
53%
Meksiko
53%
Tunisia
53%
Kamerun
52%
Kroatia
52%
Nicaragua
52%
Guatemala
51%
Israel
51%
Vatikaanivaltio
51%
Malesia
50%
Slovenia
50%
Armenia
49%
Pohjois-Korea
49%
Saudi-Arabia
49%
Dominica
48%
Etelä-Sudan
47%
Ecuador
46%
Espanja
46%
Mauritania
46%
Malediivit
45%
Alankomaat
43%
Argentiina
43%
Honduras
43%
Indonesia
43%
Somalia
43%
Jordania
42%
Unkari
42%
Brasilia
41%
Uusi-Seelanti
41%
Barbados
40%
Islanti
40%
Komorit
40%
Pakistan
40%
Grenada
38%
Irlanti
38%
Guinea-Bissau
37%
Pohjois-Makedonia
36%
Singapore
34%
Suriname
34%
Kolumbia
32%
Turkmenistan
32%
Australia
31%
Mauritius
28%
Marshallinsaaret
27%
Mikronesia
18%
Salomoninsaaret
17%
Ehtoja vastaavia visoja ei löytynyt
Tulosjakauma
Jokaisen tuloksen saaneiden osuus
Persentiili vastausten määrän mukaan
Tuloshistoriasi
Et ole pelannut tätä visaa sen viimeisimmän päivityksen jälkeen